[Event "Ruhrgebiet Bezirksliga 17/18"]
[Site "Ruhrgebiet"]
[Date "2017.12.17"]
[Round "5.8"]
[White "Meschede, Hubert"]
[Black "Mukaj, Fitim"]
[Result "1/2-1/2"]
[WhiteElo "1489"]
[BlackElo "1463"]
[PlyCount "87"]
[EventDate "2017.09.03"]
[EventType "team-tourn"]
[EventRounds "9"]
[EventCountry "GER"]
[SourceTitle "EXT 2022"]
[Source "ChessBase"]
[SourceDate "2021.10.06"]
[SourceVersion "1"]
[SourceVersionDate "2021.10.06"]
[SourceQuality "1"]
[WhiteTeam "Kamen SV IV"]
[BlackTeam "Boenen SV II"]
[WhiteTeamCountry "GER"]
[BlackTeamCountry "GER"]

1. c4 e6 2. Nc3 g6 3. d4 d6 4. Nf3 c6 5. e4 Bg7 6. Be2 Nf6 7. 0-0 0-0 8. Be3 b6 9. Qd2 Ng4 10. Bg5 Qc7 11. h3 Nf6 12. Bh6 Re8 13. Bxg7 Kxg7 14. Rfd1 Bb7 15. Rac1 Nbd7 16. Qe3 a6 17. b4 Qb8 18. e5 Ng8 19. c5 d5 20. Qf4 Qd8 21. Bd3 Qe7 22. h4 h5 23. g4 hxg4 24. Qxg4 Nh6 25. Qg3 Rh8 26. Kh2 Nf5 27. Bxf5 exf5 28. Rg1 Rh5 29. Rce1 Rah8 30. Kh3 Bc8 31. e6 Nf6 32. Qf4 Bxe6 33. cxb6 Ne4 34. Qe5+ f6 35. Qc7 Nxf2+ 36. Kg2 Qxc7 37. bxc7 Ne4 38. Na4 Kf7 39. Nb6 g5 40. hxg5 fxg5 41. Ne5+ Kg7 42. Rh1 Rxh1 43. Rxh1 Rxh1 44. Kxh1 1/2-1/2